LIBRARY & INFORMATION CENTRE, KCAET, TAVANUR

ONLINE PUBLIC ACCESS CATALOGUE (OPAC)

Hydraulics and hydraulic machines / (Record no. 9112)

MARC details
000 -LEADER
fixed length control field 00465cam a2200193ua 4500
041 ## - LANGUAGE CODE
Language code of text/sound track or separate title eng
082 ## - DEWEY DECIMAL CLASSIFICATION NUMBER
Classification number 621.2
Item number SAR/HY
100 ## - MAIN ENTRY--AUTHOR NAME
Personal name Sarao, A S.
245 ## - TITLE STATEMENT
Title Hydraulics and hydraulic machines /
250 ## - EDITION STATEMENT
Edition statement 4 /
260 ## - PUBLICATION, DISTRIBUTION, ETC. (IMPRINT)
Place of publication New Delhi :
Name of publisher Satya Prakshan ,
Year of publication 1985.
300 ## - PHYSICAL DESCRIPTION
Number of Pages 335 ; .
700 1# - ADDED ENTRY--PERSONAL NAME
Personal name Khosla, D S .
942 ## - ADDED ENTRY ELEMENTS (KOHA)
Koha item type Books
Holdings
Withdrawn status Lost status Damaged status Home library Current library Date acquired Full call number Accession Number Koha item type
      KAUAET KAUAET 26/03/1986 621.2 15228 Books
free website counter